Statistics for 《水浒传》梁山一百零八好汉

Click here to take the quiz!

General Stats

  • This quiz has been taken 114 times
  • The average score is 41 of 108

Answer Stats

Answer% Correct
及时雨宋江
97%
豹子头林冲
89%
智多星吴用
88%
黑旋风李逵
88%
玉麒麟卢俊义
84%
行者武松
83%
花和尚鲁智深
82%
浪里白条张顺
81%
大刀关胜
74%
小旋风柴进
73%
入云龙公孙胜
73%
小李广花荣
72%
双鞭呼延灼
70%
鼓上蚤时迁
66%
青面兽杨志
65%
没羽箭张清
63%
浪子燕青
61%
母夜叉孙二娘
61%
霹雳火秦明
60%
拼命三郎石秀
60%
一丈青扈三娘
58%
母大虫顾大嫂
57%
菜园子张青
56%
九纹龙史进
56%
双枪将董平
56%
神行太保戴宗
55%
活阎罗阮小七
53%
矮脚虎王英
53%
神医安道全
52%
神机军师朱武
52%
立地太岁阮小二
52%
美髯公朱仝
51%
白日鼠白胜
50%
镇三山黄信
48%
扑天雕李应
47%
金枪手徐宁
45%
赤发鬼刘唐
45%
短命二郎阮小五
44%
船火儿张横
43%
急先锋索超
42%
病关索杨雄
41%
插翅虎雷横
41%
混江龙李俊
40%
双尾蝎解宝
40%
病尉迟孙立
39%
圣手书生萧让
39%
摸着天杜迁
38%
两头蛇解珍
36%
没遮拦穆弘
36%
玉臂匠金大坚
35%
小温侯吕方
35%
铁扇子宋清
34%
金毛犬段景住
33%
赛仁贵郭盛
31%
小尉迟孙新
31%
云里金刚宋万
31%
轰天雷凌振
31%
小霸王周通
31%
一枝花蔡庆
30%
神火将魏定国
30%
混世魔王樊瑞
28%
铁叫子乐和
28%
石将军石勇
27%
旱地忽律朱贵
27%
没面目焦挺
27%
险道神郁保四
26%
笑面虎朱富
26%
紫髯伯皇甫端
26%
金眼彪施恩
25%
八臂哪吒项充
25%
摩云金翅欧鹏
24%
锦毛虎燕顺
24%
铁面孔目裴宣
23%
丑郡马宣赞
22%
小遮拦穆春
22%
火眼狻猊邓飞
22%
跳涧虎陈达
22%
白面郎君郑天寿
20%
铁臂膊蔡福
20%
中箭虎丁得孙
20%
圣水将单廷珪
20%
百胜将韩滔
20%
毛头星孔明
20%
打虎将李忠
20%
白花蛇杨春
20%
井木犴郝思文
19%
飞天大圣李衮
19%
操刀鬼曹正
18%
独火星孔亮
18%
鬼脸儿杜兴
17%
通臂猿侯健
17%
锦豹子杨林
17%
丧门神鲍旭
17%
神算子蒋敬
17%
病大虫薛永
17%
九尾龟陶宗旺
17%
金钱豹子汤隆
17%
出洞蛟童威
16%
铁笛仙马麟
16%
花项虎龚旺
15%
翻江蜃童猛
15%
天目将彭玘
15%
霍闪婆王定六
15%
玉幡竿孟康
15%
青眼虎李云
14%
催命判官李立
13%
出林龙邹渊
8%
独角龙邹润
8%

Score Distribution

Percentile by Number Answered

Percent of People with Each Score

Your Score History

You have not taken this quiz